000 00364pam a2200145 a 4500
020 _a978-81-7671-048-2
_c
041 _h
082 _a620.004'52
100 _aSrinath L S
_eAuthor
245 _aReliability Engineering 4th
_cSrinath L S
_hTextual Documents
250 _a4th ED
260 _bEast- West Press Pvt. Ltd
_c2014
300 _a338
930 _a1481
999 _c245341
_d245341